000 00556nam a2200205Ia 4500
001 17882
003 GE_BSU
008 181216s||||||||xx |||||||||||||| ||und||
040 _cGE_BSU
080 _a530.1(075.8)
100 _aХайкин,С.Э.
245 _aФизические основы механики.
245 _cРед. В.А.Григорова.
260 _aМ.
260 _bНаука.
260 _c1971.
300 _a752 стр. с илл. 22 см.
653 _aФизические основы механики.
942 _cBK
999 _c50927
_d50927